Emergence of the eastern world : seven essay on political ideas (Record no. 420245)

000 -LEADER
fixed length control field 00396cam a22001337a 4500
008 - FIXED-LENGTH DATA ELEMENTS--GENERAL INFORMATION
fixed length control field 180718b1968 xxu||||| |||| 00| 0 eng d
082 ## - DEWEY DECIMAL CLASSIFICATION NUMBER
Classification number B20 Se42
100 ## - MAIN ENTRY--PERSONAL NAME
Personal name Seidler, G.L.
245 ## - TITLE STATEMENT
Title Emergence of the eastern world : seven essay on political ideas
Statement of responsibility, etc. by G,L,Seidler
260 ## - PUBLICATION, DISTRIBUTION, ETC.
Place of publication, distribution, etc. Oxford
Name of publisher, distributor, etc. Pergamobn press
Date of publication, distribution, etc. 1968
300 ## - PHYSICAL DESCRIPTION
Extent xi,260p.
500 ## - GENERAL NOTE
General note 80/-
650 ## - SUBJECT ADDED ENTRY--TOPICAL TERM
Topical term or geographic name entry element Political science --History
Holdings
Withdrawn status Lost status Damaged status Not for loan Permanent Location Current Location Date acquired Full call number Barcode Date last seen Price effective from Koha item type
        Indian Institute of Public Administration Indian Institute of Public Administration 2009-07-13 B20 Se42 42322 2018-07-21 2018-07-21 Book

Powered by Koha